000 007110000a22002290004500
003 LK-CoMWRAF
005 20231030120858.0
008 230817t1997 ||||| |||| 00| 0 eng d
020 _a8185952396
040 _aLK-CoMWRAF
_dLK-CoMWRAF
_eLK-CoMWRAF
041 _aeng
082 _a305.42
_bRAM
100 _aRamaswamy, Vijaya
245 _aWalking naked:
_b women, society, spirituality in South India
260 _aShimla:
_bIndian Institute of Advanced Study,
_c1997
300 _ax,257p. ; 23cm.
_bIndex included
650 _aWOMEN AND RELIGION- India, South
650 _aSpirituality -- India, South
650 _aWomen -- India, South -- Social conditions
650 _aFeminism-India
942 _cBK
999 _c581
_d581